000 00647cam a2200217 a 4500
001 000018426
005 20200929165515.0
008 740412s1972 sp 000 0 spa d
040 _aDO-SdBNP
_bspa
_cLC
_dBNPHU
082 _a863.64
_bC352d
100 1 _aCastillo Puche, José Luis.
_925615
245 1 0 _aDe dentro de la piel :
_bnarraciones cortas /
_cJosé L. Castillo Puche.
260 _aMadrid :
_bNacional,
_c1972.
300 _a297 p. ;
_c22 cm.
490 1 _aEscalada
650 4 _aNovela española
_91123
650 4 _aLiteratura española
_9632
830 0 _aEscalada
_939889
910 _aCatalogación derivada / LC
049 _aBNGR
999 _c17947
_d17947